书目信息 |
| 题名: |
诗经
|
|
| 作者: | 孔丘 著 ;边德明 编著 | |
| 分册: | ||
| 出版信息: | 长春 吉林文史出版社 2017 |
|
| 页数: | 481页 | |
| 开本: | 22cm | |
| 丛书名: | 中国文化文学经典文丛 | |
| 单 册: | ||
| 中图分类: | I222.2 | |
| 科图分类: | ||
| 主题词: | 古体诗--诗集--中国--春秋时代 | |
| 电子资源: | ||
| ISBN: | 978-7-5472-3057-2 | |
| 000 | 00851nam0 2200301 450 | |
| 001 | 009000982 | |
| 005 | 20170615162116.0 | |
| 010 | @a978-7-5472-3057-2@b精装@dCNY46.00 | |
| 090 | @aI222.2@bkq | |
| 096 | @aI222.2@bkz | |
| 100 | @a20170510d2017 em y0chiy0120 ea | |
| 101 | 0 | @achi |
| 102 | @aCN@b220000 | |
| 105 | @ay z 000gy | |
| 106 | @ar | |
| 200 | 1 | @a诗经@b专著@f(春秋)孔子著@f边德明编著@9shi jing@g |
| 210 | @a长春@c吉林文史出版社@d2017 | |
| 215 | @a481页@c@d22cm | |
| 225 | 1 | @a中国文化文学经典文丛@f孙建军主编 |
| 500 | 10 | @a诗经@9shi jing |
| 605 | @a《诗经》@x注释 | |
| 606 | 0 | @a古体诗@x诗集@y中国@z春秋时代 |
| 690 | @aI222.2@v5 | |
| 701 | 0 | @c(春秋)@a孔丘@f(前551~前479)@4著@9kong qiu |
| 702 | 0 | @a边德明@4编著@9bian de ming |
| 801 | 0 | @aCN@bMUSE@c20181202@g |
| 905 | @aBZT@dI222.2@e17 | |
| 906 | @dCNY46.00@n40@r1 | |
| 诗经/(春秋)孔子著/边德明编著.-长春:吉林文史出版社,2017 |
| 481页;22cm.-(中国文化文学经典文丛/孙建军主编) |
| ISBN 978-7-5472-3057-2(精装):CNY46.00 |
| ● |
| 相关链接 |
|
|
|
正题名:诗经
索取号:I222.2/17
 
预约/预借
| 序号 | 登录号 | 条形码 | 馆藏地/架位号 | 状态 | 备注 |
| 1 | 848057 | 2000848057 | 第一书库/ [索取号:I222.2/17] | 在馆 | |
| 2 | 848058 | 2000848058 | 第一书库/ [索取号:I222.2/17] | 在馆 | |
| 3 | 848059 | 2000848059 | 第一书库/ [索取号:I222.2/17] | 在馆 | |
| 4 | 848060 | 2000848060 | 第一书库/ [索取号:I222.2/17] | 在馆 | |
| 5 | 848061 | 2000848061 | 第一书库/ [索取号:I222.2/17] | 在馆 | |
| 6 | 848062 | 2000848062 | 第一书库/ [索取号:I222.2/17] | 在馆 | |
| 7 | 848063 | 2000848063 | 第一书库/ [索取号:I222.2/17] | 在馆 | |
| 8 | 848064 | 2000848064 | 第一书库/ [索取号:I222.2/17] | 在馆 | |
| 9 | 848065 | 2000848065 | 第一书库/ [索取号:I222.2/17] | 在馆 | |
| 10 | 848066 | 2000848066 | 第一书库/ [索取号:I222.2/17] | 在馆 | |
| 11 | 848067 | 2000848067 | 第一书库/ [索取号:I222.2/17] | 在馆 | |
| 12 | 848068 | 2000848068 | 第一书库/ [索取号:I222.2/17] | 在馆 | |
| 13 | 848069 | 2000848069 | 第一书库/ [索取号:I222.2/17] | 在馆 | |
| 14 | 848070 | 2000848070 | 第一书库/ [索取号:I222.2/17] | 在馆 | |
| 15 | 848071 | 2000848071 | 第一书库/ [索取号:I222.2/17] | 在馆 | |
| 16 | 848072 | 2000848072 | 第一书库/ [索取号:I222.2/17] | 在馆 | |
| 17 | 848073 | 2000848073 | 第一书库/ [索取号:I222.2/17] | 在馆 | |
| 18 | 848074 | 2000848074 | 第一书库/ [索取号:I222.2/17] | 在馆 | |
| 19 | 848075 | 2000848075 | 第一书库/ [索取号:I222.2/17] | 在馆 | |
| 20 | 848076 | 2000848076 | 第一书库/ [索取号:I222.2/17] | 在馆 | |
| 21 | 848077 | 2000848077 | 第一书库/ [索取号:I222.2/17] | 在馆 | |
| 22 | 848078 | 2000848078 | 第一书库/ [索取号:I222.2/17] | 在馆 | |
| 23 | 848079 | 2000848079 | 第一书库/ [索取号:I222.2/17] | 在馆 | |
| 24 | 848080 | 2000848080 | 第一书库/ [索取号:I222.2/17] | 在馆 | |
| 25 | 848081 | 2000848081 | 第一书库/ [索取号:I222.2/17] | 在馆 | |
| 26 | 848082 | 2000848082 | 第一书库/ [索取号:I222.2/17] | 在馆 | |
| 27 | 848083 | 2000848083 | 第一书库/ [索取号:I222.2/17] | 在馆 | |
| 28 | 848084 | 2000848084 | 第一书库/ [索取号:I222.2/17] | 在馆 | |
| 29 | 848085 | 2000848085 | 第一书库/ [索取号:I222.2/17] | 在馆 | |
| 30 | 848086 | 2000848086 | 第一书库/ [索取号:I222.2/17] | 在馆 | |
| 31 | 848087 | 2000848087 | 第一书库/ [索取号:I222.2/17] | 在馆 | |
| 32 | 848088 | 2000848088 | 第一书库/ [索取号:I222.2/17] | 在馆 | |
| 33 | 848089 | 2000848089 | 第一书库/ [索取号:I222.2/17] | 在馆 | |
| 34 | 848090 | 2000848090 | 第一书库/ [索取号:I222.2/17] | 在馆 | |
| 35 | 848091 | 2000848091 | 第一书库/ [索取号:I222.2/17] | 在馆 | |
| 36 | 848092 | 2000848092 | 第一书库/ [索取号:I222.2/17] | 在馆 | |
| 37 | 848093 | 2000848093 | 第一书库/ [索取号:I222.2/17] | 在馆 | |
| 38 | 848094 | 2000848094 | 第一书库/ [索取号:I222.2/17] | 在馆 | |
| 39 | 848095 | 2000848095 | 第一书库/ [索取号:I222.2/17] | 在馆 | |
| 40 | 848096 | 2000848096 | 第一书库/ [索取号:I222.2/17] | 在馆 |